Anagrammes des oiseaux - Statistiques

Statistiques générales
  • Ce quiz a été pris 159 fois
  • Le résultat moyen est 17 sur 30
Statistiques - réponses
Anagramme Oiseau % Correct
agile aigle
97%
épi pie
93%
loupe poule
88%
emue emeu
85%
mêler merle
85%
besaces bécasse
84%
gaie geai
84%
ricana canari
81%
givre grive
81%
fanais faisan
73%
manèges mésange
72%
cadran canard
71%
ternes sterne
68%
pinons pinson
64%
poigne pigeon
62%
berge grèbe
61%
malin milan
60%
Rhône héron
53%
train tarin
50%
décharneront chardonneret
47%
aeonium moineau
39%
caroube corbeau
32%
turban bruant
30%
calepin pélican
28%
méritant martinet
25%
dériver verdier
23%
sonnantes sansonnet
16%
tartes tétras
14%
traire tarier
11%
tornade tadorne
9%
Aucun quiz correspondant
Distribution des résultats
% des personnes avec chaque résultat
Percentile par nombre de réponses
Votre historique - résultats
Vous n’avez pas pris ce quiz